00604nam a22001817a 450000500170000001000150001702000260003203500150005803700130007308200080008610000220009424500750011626000430019127000460023430000330028050500870031370000220040020170306122528.0 aENG-117383 a9789352550593c435.00 a EN-100915 bDBAD/PUB a330 aMukherjee, Sampat aISC economics :cby Sampat Mukherjee [and] Debabrata DattabClass XI / aKolkatabNew Central Book Agencyc2017 a8/1 Chintamoni Das Lane bKolkatae700009 axvi,612p. :c24cm (pbk)bill aUnderstanding Economics, Indian Economic Development, Statistics and Project Work. aDatta, Debabrata